| 000 | 00365nam a2200145Ia 4500 | ||
|---|---|---|---|
| 008 | 230917s9999||||xx |||||||||||||| ||und|| | ||
| 040 |
_e210749 _aMAIN |
||
| 041 | _aEnglish | ||
| 082 | _a583.5 S73S | ||
| 100 | _aSunil | ||
| 245 | 0 | _aStudy of genetic variation and medicinal properties of Achyranthes Aspera | |
| 260 | _c2012 | ||
| 300 | _a172 p. | ||
| 942 | _cTH | ||
| 999 |
_c125739 _d125739 |
||